00641nam a22001932 4500001001100000005001700011008004100028020001700069040001500086100004000101245008700141250001300228260004400241300001700285650005400302650005400356700003400410852000300444000002516920151217145952.0150210s xx 000 0 eng d a1111839550 : aKABUcKABU1 aGravetter, Frederick J.@000018562410aStatistics for the behavioral sciences /cFrederick J Gravetter, Larry B. Wallnau. a9th ed. aAustralia :bWadsworth, Cengage,c2013. axxi, 767 p. 0aSocial sciencesxStatistical methods.@0000148274 0aStatisticsxProblems, exercises, etc.@00001609301 aWallnau, Larry B.@00001856251